Home Print Resources E-Books E-Journals IIMT Lecture Series Library Membership Form Book Recommendation Form Campus Tour Take AdmissionAbout Us Contact Us

YOGI KATHAMRIT (Record no. 57503)

000 -LEADER
fixed length control field 00341nam a22001457a 4500
003 - CONTROL NUMBER IDENTIFIER
control field OSt
005 - DATE AND TIME OF LATEST TRANSACTION
control field 20231025051922.0
008 - FIXED-LENGTH DATA ELEMENTS--GENERAL INFORMATION
fixed length control field 231025b |||||||| |||| 00| 0 eng d
040 ## - CATALOGING SOURCE
Transcribing agency IIMT UNIVERSITY
100 ## - MAIN ENTRY--PERSONAL NAME
Personal name YOGANAND, PARAMHANS
245 ## - TITLE STATEMENT
Title YOGI KATHAMRIT
260 ## - PUBLICATION, DISTRIBUTION, ETC.
Place of publication, distribution, etc. GORAKHPUR
Name of publisher, distributor, etc. GEETA PRESS
Date of publication, distribution, etc. 1991
300 ## - PHYSICAL DESCRIPTION
Extent 730
942 ## - ADDED ENTRY ELEMENTS (KOHA)
Source of classification or shelving scheme
Koha item type Specimen
Holdings
Withdrawn status Lost status Source of classification or shelving scheme Damaged status Not for loan Home library Current library Date acquired Source of acquisition Inventory number Barcode Date last seen Price effective from Koha item type
          IIMT University Central Library Meerut IIMT University Central Library Meerut 10/25/2023 CHAIRMAN SIR NA 28-S-3502 10/25/2023 10/25/2023 Rare Book
IIMT, Central Library. All Rights Reserved IIMT,UNIVERSITY © 2023
Implemented and Customised by I CLOUDE EMS
You Are OPAC Visitor No
free web counter

Powered by Koha